000
00301nam a22001337a 4500
008
171107b xxu||||| |||| 00| 0 eng d
020
_a
9780470025895
041
_a
eng
080
_2
2ND
_a
330.322
100
_a
63
101
_a
INV
245
_a
THE FUTURES BOND BASIS
_c
CHOUDHRY,M
942
_2
udc
_c
BK
999
_c
38117
_d
38117